[Event "Altea Cap Negret op 65+ 1st"]
[Site "Altea"]
[Date "2023.11.13"]
[Round "2"]
[White "Estrada Martinez, Cesar"]
[Black "Kovacevic, Slobodan"]
[Result "0-1"]
[WhiteElo "1847"]
[BlackElo "2219"]
[PlyCount "58"]
[EventDate "2023.11.12"]
[EventType "swiss"]
[EventRounds "8"]
[EventCountry "ESP"]
[SourceTitle "CB49_2023"]
[SourceDate "2023.12.06"]
[SourceVersion "1"]
[SourceVersionDate "2023.12.06"]
[SourceQuality "1"]

1. e4 c5 2. Nf3 e6 3. d4 cxd4 4. Nxd4 a6 5. Be2 Nf6 6. Nc3 Qc7 7. a3 b5 8. Bg5 Be7 9. 0-0 Bb7 10. Bf3 d6 11. Qd3 0-0 12. Rfe1 Nbd7 13. Rad1 Ne5 14. Qe2 Rfd8 15. Bc1 Rac8 16. g3 Nxf3+ 17. Nxf3 Ba8 18. Nd4 Qb7 19. f3 Nd7 20. Nb3 Ne5 21. Nd2 Bf6 22. Kg2 Nc6 23. Nb3 b4 24. axb4 Nxb4 25. Qd2 h6 26. Re2 Bg5 27. Qe1 Nxc2 28. Rxc2 Qxb3 29. f4 Qxc2+ 0-1

[Event "Collado Villalba op 40th"]
[Site "Collado Villalba"]
[Date "2023.08.25"]
[Round "4"]
[White "Estrada Martinez, Cesar"]
[Black "Benitez Cadenas, Luis Miguel"]
[Result "1-0"]
[WhiteElo "1873"]
[BlackElo "1472"]
[PlyCount "153"]
[EventDate "2023.08.22"]
[EventType "swiss"]
[EventRounds "9"]
[EventCountry "ESP"]
[SourceTitle "EXT 2024"]
[Source "ChessBase"]
[SourceDate "2023.10.10"]
[SourceVersion "1"]
[SourceVersionDate "2023.10.10"]
[SourceQuality "1"]

1. d4 d5 2. c4 dxc4 3. e4 Nf6 4. Nc3 c5 5. d5 e6 6. Bxc4 exd5 7. exd5 Bd6 8. Nf3 a6 9. 0-0 0-0 10. a4 b6 11. Bg5 h6 12. Bf4 Bf5 13. Bd3 Bxd3 14. Qxd3 g5 15. Bg3 Qc7 16. Qf5 Nbd7 17. Rae1 Rae8 18. Ne4 Nxe4 19. Rxe4 Rxe4 20. Qxe4 Kg7 21. Bxd6 Qxd6 22. Rd1 Rd8 23. h4 Nf6 24. Qf5 Qf4 25. Qxf4 gxf4 26. d6 Ne4 27. d7 Kf6 28. Rd5 Kg7 29. Ne5 Nf6 30. Rd6 b5 31. Rxa6 bxa4 32. Rxa4 Nxd7 33. Nxd7 Rxd7 34. Rxf4 Rb7 35. Rc4 Rxb2 36. Rxc5 Rb7 37. g3 Rb4 38. Kg2 Rb2 39. g4 Rb4 40. f3 Rb2+ 41. Kg3 Rb1 42. h5 Rg1+ 43. Kf4 Rh1 44. Kf5 Rh3 45. f4 Rh4 46. Rc3 Rh1 47. Rg3 Rh2 48. Ke4 Re2+ 49. Kf3 Rh2 50. Rg2 Rh3+ 51. Kf2 Rd3 52. Rg1 Rd2+ 53. Kg3 Rd3+ 54. Kh4 Rd2 55. Rg3 Rh2+ 56. Rh3 Rf2 57. Kg3 Rd2 58. Kh4 Rc2 59. Kg3 Rd2 60. g5 Rd3+ 61. Kg4 Rd4 62. Kf5 Rd5+ 63. Ke4 Ra5 64. Rg3 Ra4+ 65. Kf5 Ra1 66. Re3 hxg5 67. Kxg5 Ra5+ 68. Re5 Ra6 69. Re7 Rh6 70. Rxf7+ Kxf7 71. Kxh6 Kf6 72. Kh7 Kf7 73. h6 Kf8 74. Kg6 Kg8 75. Kf6 Kh7 76. Ke7 Kxh6 77. f5 1-0

[Event "Madrid-ch Seniors 65+"]
[Site "Madrid"]
[Date "2022.04.26"]
[Round "6"]
[White "Hurtado Garrido, Reyes"]
[Black "Estrada Martinez, Cesar"]
[Result "1-0"]
[WhiteElo "1606"]
[BlackElo "1970"]
[PlyCount "119"]
[EventDate "2022.04.18"]
[EventType "swiss"]
[EventRounds "7"]
[EventCountry "ESP"]
[SourceTitle "EXT 2023"]
[Source "ChessBase"]
[SourceDate "2022.10.05"]
[SourceVersion "1"]
[SourceVersionDate "2022.10.05"]
[SourceQuality "1"]

1. d4 c5 2. c3 e6 3. Bf4 Nf6 4. e3 Nc6 5. Nd2 d5 6. Bd3 Bd6 7. Ngf3 0-0 8. Ne5 Qc7 9. Ndf3 Nd7 10. Nxd7 Bxd7 11. Bxh7+ Kh8 12. Bxd6 Qxd6 13. Bc2 g6 14. 0-0 Kg7 15. Ba4 Rh8 16. Bxc6 Bxc6 17. dxc5 Qxc5 18. Qd4+ Qxd4 19. cxd4 f6 20. b4 Rhc8 21. Rfc1 Ba4 22. Kf1 Kf7 23. Ke1 Bc2 24. Kd2 Be4 25. Ne1 g5 26. Rxc8 Rxc8 27. f3 Bg6 28. Rc1 Rxc1 29. Kxc1 Ke7 30. a4 Be8 31. a5 Bb5 32. Kb2 Bf1 33. Kc3 Kd6 34. g3 Bh3 35. Nd3 b6 36. Nf2 Bg2 37. f4 Kc6 38. axb6 axb6 39. Ng4 gxf4 40. exf4 f5 41. Nf2 Bf3 42. h3 Kd6 43. g4 fxg4 44. hxg4 Ke7 45. Kd3 Kf6 46. Ke3 Bg2 47. Nd1 Bf1 48. Nc3 Bc4 49. Kf3 Kg6 50. Nd1 Bd3 51. Ne3 Be4+ 52. Kg3 Kf6 53. Kh4 Kg6 54. Nd1 Bd3 55. Nc3 Kh6 56. Na4 Kg6 57. Nxb6 Bb5 58. Nc8 Kf6 59. g5+ Kg6 60. Nd6 1-0

[Event "Madrid-ch Seniors 65+"]
[Site "Madrid"]
[Date "2022.04.21"]
[Round "4"]
[White "Ghavami, Mahmoud"]
[Black "Estrada Martinez, Cesar"]
[Result "0-1"]
[WhiteElo "1470"]
[BlackElo "1970"]
[PlyCount "85"]
[EventDate "2022.04.18"]
[EventType "swiss"]
[EventRounds "7"]
[EventCountry "ESP"]
[SourceTitle "EXT 2023"]
[Source "ChessBase"]
[SourceDate "2022.10.05"]
[SourceVersion "1"]
[SourceVersionDate "2022.10.05"]
[SourceQuality "1"]

1. c4 e5 2. g3 Nf6 3. Nc3 Bc5 4. h3 0-0 5. Bg2 c6 6. e4 d6 7. Nge2 Be6 8. d3 Qd7 9. Na4 Bb4+ 10. Nac3 d5 11. a3 Bxc3+ 12. Nxc3 dxc4 13. dxc4 Bxc4 14. Bg5 Qxd1+ 15. Rxd1 Nbd7 16. f3 Nc5 17. Bxf6 gxf6 18. Bf1 Bxf1 19. Kxf1 Rfd8 20. Kg2 Kf8 21. f4 exf4 22. gxf4 Nd3 23. Ne2 Nxb2 24. Rb1 Rd2 25. Kf3 Rad8 26. Nc1 b5 27. Kg4 Ke7 28. Kh5 Nc4 29. Nb3 Rf2 30. Rbf1 Rxf1 31. Rxf1 Rd3 32. h4 Rxb3 33. Rh1 Rf3 34. Kh6 Rxf4 35. Kxh7 Nd6 36. h5 Nxe4 37. Re1 Kf8 38. a4 Ng5+ 39. Kh6 Ne6 40. Rc1 Rh4 41. axb5 cxb5 42. Rc8+ Ke7 43. Ra8 0-1

[Event "Madrid-ch Seniors 65+"]
[Site "Madrid"]
[Date "2022.04.20"]
[Round "3"]
[White "Estrada Martinez, Cesar"]
[Black "Cabanas Bravo, Juan Andres"]
[Result "0-1"]
[WhiteElo "1970"]
[BlackElo "1891"]
[PlyCount "86"]
[EventDate "2022.04.18"]
[EventType "swiss"]
[EventRounds "7"]
[EventCountry "ESP"]
[SourceTitle "EXT 2023"]
[Source "ChessBase"]
[SourceDate "2022.10.05"]
[SourceVersion "1"]
[SourceVersionDate "2022.10.05"]
[SourceQuality "1"]

1. d4 Nf6 2. c4 c5 3. d5 b5 4. cxb5 a6 5. b6 Qxb6 6. Nc3 d6 7. e4 g6 8. Nf3 Bg4 9. Be2 Bxf3 10. Bxf3 Nbd7 11. 0-0 Bg7 12. Rb1 0-0 13. Bf4 Rfb8 14. Qd2 Ne8 15. Bg5 Qd8 16. h4 Rb4 17. a3 Rb3 18. Rfc1 Rab8 19. Bd1 R3b7 20. h5 Ne5 21. Qe2 c4 22. Ba4 Nd3 23. Rc2 Bxc3 24. Rxc3 Rxb2 25. Rxb2 Rxb2 26. Rc2 Rb1+ 27. Kh2 f6 28. hxg6 fxg5 29. gxh7+ Kh8 30. Qh5 Nf6 31. Qxg5 Qf8 32. Rxc4 Nxh7 33. Qg3 Nxf2 34. Qc3+ Kg8 35. Qg3+ Kh8 36. Qc3+ Nf6 37. Rc8 Rh1+ 38. Kg3 N2xe4+ 39. Kf3 Nxc3 40. Rxf8+ Kg7 41. Ra8 Nxa4 42. Rxa6 Nc5 43. Ra7 Nxd5 0-1

[Event "Madrid-ch Seniors 65 1718"]
[Site "Madrid"]
[Date "2018.01.25"]
[Round "4"]
[White "Estrada Martinez, Cesar"]
[Black "Quintero Cuervo, Edgar Alfredo"]
[Result "1-0"]
[WhiteElo "2001"]
[BlackElo "1557"]
[PlyCount "53"]
[EventDate "2018.01.22"]
[EventType "swiss"]
[EventRounds "7"]
[EventCountry "ESP"]
[SourceTitle "EXT 2020"]
[Source "ChessBase"]
[SourceDate "2019.10.17"]
[SourceVersion "1"]
[SourceVersionDate "2019.10.17"]
[SourceQuality "1"]

1. c4 c5 2. Nf3 Nc6 3. d4 cxd4 4. Nxd4 e6 5. Nc3 Bc5 6. e3 Nf6 7. Be2 0-0 8. 0-0 a6 9. a3 d5 10. cxd5 Nxd5 11. Nxd5 exd5 12. Nxc6 bxc6 13. Qc2 Qb6 14. b4 Bd6 15. Bb2 Qc7 16. h3 Re8 17. Rac1 Bd7 18. Bd3 h6 19. Bf5 Bxf5 20. Qxf5 Be5 21. Bxe5 Rxe5 22. Rxc6 Qxc6 23. Qxe5 Qb7 24. Rd1 Rd8 25. Qf5 g6 26. Qf4 Kg7 27. Qd4+ 1-0

[Event "Madrid-ch Seniors 65 1718"]
[Site "Madrid"]
[Date "2018.01.22"]
[Round "1"]
[White "Alvarez Escudero, Manuel"]
[Black "Estrada Martinez, Cesar"]
[Result "0-1"]
[WhiteElo "1730"]
[BlackElo "2001"]
[PlyCount "78"]
[EventDate "2018.01.22"]
[EventType "swiss"]
[EventRounds "7"]
[EventCountry "ESP"]
[SourceTitle "EXT 2020"]
[Source "ChessBase"]
[SourceDate "2019.10.17"]
[SourceVersion "1"]
[SourceVersionDate "2019.10.17"]
[SourceQuality "1"]

1. e4 c5 2. Nf3 g6 3. d4 cxd4 4. Nxd4 Nf6 5. Nc3 Nc6 6. Bc4 Bg7 7. 0-0 0-0 8. Be3 d6 9. Nd5 Nxe4 10. Nxc6 bxc6 11. Nb4 Bb7 12. f3 Nf6 13. c3 a5 14. Nd3 a4 15. a3 c5 16. Ba2 Bd5 17. Bxd5 Nxd5 18. Qd2 Nxe3 19. Qxe3 Qd7 20. g3 Rab8 21. Kg2 e6 22. Rf2 Rfe8 23. Rd1 d5 24. Re2 d4 25. cxd4 Bxd4 26. Qc1 Rb3 27. Qc4 Qc6 28. Rdd2 Qb5 29. Rc2 Qxc4 30. Rxc4 Rxd3 31. Rxa4 Rb3 32. Rc4 Bxb2 33. a4 Bd4 34. Re4 Ra8 35. h4 Ra3 36. g4 R3xa4 37. Rc2 Ra1 38. f4 Rg1+ 39. Kh2 Rxg4 0-1

[Event "Trevias op 23rd"]
[Site "Trevias"]
[Date "2017.09.22"]
[Round "5"]
[White "Diaz Nieto, Alberto"]
[Black "Estrada Martinez, Cesar"]
[Result "0-1"]
[WhiteElo "1898"]
[BlackElo "1995"]
[PlyCount "78"]
[EventDate "2017.09.18"]
[EventType "swiss"]
[EventRounds "7"]
[EventCountry "ESP"]
[SourceTitle "EXT 2018"]
[Source "ChessBase"]
[SourceDate "2017.10.13"]
[SourceVersion "1"]
[SourceVersionDate "2017.10.13"]
[SourceQuality "1"]

1. d4 Nf6 2. c4 c5 3. d5 b5 4. a4 bxc4 5. Nc3 g6 6. e4 d6 7. f4 Bg7 8. Nf3 0-0 9. Bxc4 Ba6 10. Bxa6 Nxa6 11. Qe2 Nb4 12. 0-0 Qb6 13. Kh1 Rfe8 14. Rd1 Rad8 15. Qc4 Nc2 16. a5 Qb4 17. Ra4 Qxc4 18. Rxc4 Ng4 19. Rd2 Nd4 20. h3 Ne3 21. Ra4 Rb8 22. Nxd4 cxd4 23. Ne2 Rec8 24. Ra1 Rc2 25. Rxc2 Nxc2 26. Rb1 d3 27. Ng1 Na3 28. Ra1 Nc4 29. Nf3 Bxb2 30. Rb1 Rb4 31. Nd2 Bxc1 32. Rxb4 Nxd2 33. Rd4 Nb3 34. Rxd3 Nc5 35. Rc3 Bxf4 36. Rc4 Bd2 37. a6 Ba5 38. e5 Bb6 39. exd6 exd6 0-1

[Event "Trevias op 23rd"]
[Site "Trevias"]
[Date "2017.09.20"]
[Round "3"]
[White "Estrada Martinez, Cesar"]
[Black "Martinez Roves, Jose Manuel"]
[Result "1-0"]
[WhiteElo "1995"]
[BlackElo "1652"]
[PlyCount "79"]
[EventDate "2017.09.18"]
[EventType "swiss"]
[EventRounds "7"]
[EventCountry "ESP"]
[SourceTitle "CBM 180 Extra"]
[Source "ChessBase"]
[SourceDate "2017.10.06"]
[SourceVersion "1"]
[SourceVersionDate "2017.10.06"]
[SourceQuality "1"]

1. c4 Nf6 2. d4 g6 3. g3 Bg7 4. Bg2 c6 5. Nc3 0-0 6. e4 d6 7. Nge2 Nbd7 8. 0-0 e5 9. b3 Re8 10. dxe5 dxe5 11. h3 Qc7 12. Be3 h6 13. Qd2 Kh7 14. Rad1 Ng8 15. f4 f6 16. f5 g5 17. Bf3 Nf8 18. h4 Re7 19. hxg5 fxg5 20. Kg2 Bd7 21. Bc5 Be8 22. Bxe7 Qxe7 23. Rh1 Kh8 24. Qd6 Qxd6 25. Rxd6 Nf6 26. g4 N8d7 27. Ng3 Bf8 28. Rdd1 Kg7 29. Nh5+ Nxh5 30. Rxh5 Nc5 31. Rhh1 b5 32. cxb5 cxb5 33. Nd5 a5 34. Rc1 Ra7 35. Rc2 b4 36. Rhc1 Na6 37. Be2 a4 38. Bxa6 Rxa6 39. Nc7 axb3 40. axb3 1-0

[Event "ESP-ch Seniors 65"]
[Site "Altea"]
[Date "2016.10.15"]
[Round "8"]
[White "Estrada Martinez, Cesar"]
[Black "Anguera Maestro, Jaime"]
[Result "1-0"]
[WhiteElo "2015"]
[BlackElo "2083"]
[PlyCount "75"]
[EventDate "2016.10.09"]
[EventType "swiss"]
[EventRounds "9"]
[EventCountry "ESP"]
[SourceTitle "EXT 2024"]
[Source "ChessBase"]
[SourceDate "2023.10.10"]
[SourceVersion "1"]
[SourceVersionDate "2023.10.10"]
[SourceQuality "1"]

1. Nf3 d5 2. c4 d4 3. g3 g6 4. Bg2 Bg7 5. d3 c5 6. b4 cxb4 7. a3 b3 8. Qxb3 Nc6 9. a4 Nf6 10. 0-0 0-0 11. Nbd2 Rb8 12. Ng5 Bf5 13. Ba3 Qd7 14. Rab1 Bh6 15. Nge4 Bxd2 16. Nxd2 Bh3 17. Nf3 Bxg2 18. Kxg2 Rfe8 19. Bc1 e5 20. Rd1 Qf5 21. Qb5 a6 22. Qc5 Nd7 23. Qd6 Qe6 24. Qxe6 Rxe6 25. Ng5 Ree8 26. Ne4 Re6 27. Ba3 f5 28. Nc5 Nxc5 29. Bxc5 Nd8 30. Rb2 Rc8 31. Ba3 Kf7 32. Rdb1 Rec6 33. Rb3 Rb8 34. Bc1 Ke8 35. h4 Rc7 36. e3 Nc6 37. Rb6 Rd7 38. Rxc6 1-0

[Event "ESP-ch Seniors 65"]
[Site "Altea"]
[Date "2016.10.12"]
[Round "4"]
[White "Mayer Schwartz, Rene"]
[Black "Estrada Martinez, Cesar"]
[Result "1/2-1/2"]
[WhiteElo "1982"]
[BlackElo "2015"]
[PlyCount "37"]
[EventDate "2016.10.09"]
[EventType "swiss"]
[EventRounds "9"]
[EventCountry "ESP"]
[SourceTitle "EXT 2024"]
[Source "ChessBase"]
[SourceDate "2023.10.10"]
[SourceVersion "1"]
[SourceVersionDate "2023.10.10"]
[SourceQuality "1"]

1. Nf3 d5 2. d4 Nf6 3. Bf4 Bf5 4. h3 e6 5. e3 Bd6 6. Bxd6 Qxd6 7. c3 Nbd7 8. Bd3 Bxd3 9. Qxd3 0-0 10. Nbd2 e5 11. dxe5 Nxe5 12. Nxe5 Qxe5 13. 0-0 Rad8 14. Qd4 Qxd4 15. cxd4 Rfe8 16. Rfc1 c6 17. a4 Ne4 18. Nxe4 Rxe4 19. b4 1/2-1/2

[Event "ESP-ch Seniors 65"]
[Site "Altea"]
[Date "2016.10.09"]
[Round "1"]
[White "Estrada Martinez, Cesar"]
[Black "Martinez Rubio, Felipe"]
[Result "1-0"]
[WhiteElo "2015"]
[BlackElo "1727"]
[PlyCount "101"]
[EventDate "2016.10.09"]
[EventType "swiss"]
[EventRounds "9"]
[EventCountry "ESP"]
[SourceTitle "EXT 2024"]
[Source "ChessBase"]
[SourceDate "2023.10.10"]
[SourceVersion "1"]
[SourceVersionDate "2023.10.10"]
[SourceQuality "1"]

1. c4 c5 2. Nf3 Nc6 3. d4 cxd4 4. Nxd4 e6 5. Nc3 a6 6. e4 Qb6 7. Nb3 d6 8. Be3 Qc7 9. Be2 Ne5 10. Nd2 Bd7 11. 0-0 Nf6 12. Rc1 Bc6 13. Nd5 Bxd5 14. cxd5 Qd8 15. f4 Ned7 16. dxe6 fxe6 17. Qb3 Nc5 18. Bxc5 dxc5 19. Qxe6+ Qe7 20. Qxe7+ Bxe7 21. e5 Nd7 22. Bf3 Rb8 23. Ne4 b6 24. Bg4 Rd8 25. Be6 Nf8 26. Bb3 Rd4 27. Rfe1 Nd7 28. g3 Nb8 29. f5 Nc6 30. f6 Bf8 31. Nd6+ Rxd6 32. exd6+ Kd7 33. Rcd1 gxf6 34. Be6+ Kd8 35. Bf7 Ne5 36. Bh5 Rg8 37. Rf1 Bg7 38. d7 Kc7 39. Be8 Kd8 40. Rd6 Rf8 41. Rxb6 Nxd7 42. Bxd7 Kc7 43. Rxa6 Kb7 44. Re6 Rf7 45. Bc6+ Kc7 46. Be8 Rf8 47. Bd7 Rh8 48. Rc1 Kxd7 49. Ree1 Kd8 50. Rcd1+ Kc7 51. Kg2 1-0

[Event "EU-ch Seniors 65 14th"]
[Site "Porto"]
[Date "2014.03.09"]
[Round "1"]
[White "Estrada Martinez, Cesar"]
[Black "Beznosikov, Vladimir"]
[Result "0-1"]
[WhiteElo "2035"]
[BlackElo "2323"]
[PlyCount "56"]
[EventDate "2014.03.09"]
[EventType "swiss"]
[EventRounds "9"]
[EventCountry "POR"]
[SourceTitle "CBM 159 Extra"]
[Source "ChessBase"]
[SourceDate "2014.04.24"]
[SourceVersion "1"]
[SourceVersionDate "2014.04.24"]
[SourceQuality "1"]

1. c4 e5 2. g3 h5 3. h3 Nf6 4. Bg2 c6 5. d4 e4 6. Nc3 d5 7. cxd5 cxd5 8. Bg5 Bb4 9. Qb3 Nc6 10. e3 Bxc3+ 11. Qxc3 Be6 12. Ne2 Qb6 13. Bxf6 gxf6 14. Nf4 Rc8 15. Nxe6 fxe6 16. 0-0 Kf7 17. f3 exf3 18. Rxf3 Ne7 19. Qd2 f5 20. Raf1 Qd6 21. Qe2 Rcg8 22. e4 dxe4 23. Qxe4 Rxg3 24. Rxg3 Qxg3 25. Rf3 Qd6 26. Qe5 Rd8 27. Qa5 Qxd4+ 28. Kh2 Rh8 0-1

[Event "Madrid-ch Seniors"]
[Site "Madrid"]
[Date "2014.01.16"]
[Round "8"]
[White "Fernandez Garcia, Ignacio"]
[Black "Estrada Martinez, Cesar"]
[Result "0-1"]
[WhiteElo "1893"]
[BlackElo "2028"]
[PlyCount "74"]
[EventDate "2014.01.07"]
[EventType "swiss"]
[EventRounds "9"]
[EventCountry "ESP"]
[SourceTitle "CBM 158 Extra"]
[Source "ChessBase"]
[SourceDate "2014.02.28"]
[SourceVersion "1"]
[SourceVersionDate "2014.02.28"]
[SourceQuality "1"]

1. e4 c5 2. Nf3 g6 3. Nc3 Bg7 4. d3 Nc6 5. Bf4 d6 6. h3 Nf6 7. g4 Nd4 8. Bg2 Qb6 9. Rb1 0-0 10. a3 Bd7 11. Nxd4 cxd4 12. Ne2 Ba4 13. Qd2 Rac8 14. b3 e5 15. Bg5 Bd7 16. f4 Qc5 17. fxe5 dxe5 18. Rc1 Qxa3 19. 0-0 Ne8 20. Ra1 Qc5 21. Rfc1 f6 22. Bh6 a6 23. Bxg7 Nxg7 24. Kh2 Ne6 25. h4 Qc7 26. Kg3 g5 27. c4 Nf4 28. Bf3 Qb6 29. hxg5 fxg5 30. Nxf4 Rxf4 31. Qa5 Qf6 32. Rf1 Rf8 33. Be2 Rf2 34. Qd2 Rf4 35. Rxf4 gxf4+ 36. Kh2 Qh4+ 37. Kg1 f3 0-1

[Event "Madrid-ch Seniors"]
[Site "Madrid"]
[Date "2014.01.13"]
[Round "5"]
[White "Estrada Martinez, Cesar"]
[Black "Casares Ripoll, Fernando"]
[Result "1/2-1/2"]
[WhiteElo "2028"]
[BlackElo "2115"]
[PlyCount "29"]
[EventDate "2014.01.07"]
[EventType "swiss"]
[EventRounds "9"]
[EventCountry "ESP"]
[SourceTitle "CBM 158 Extra"]
[Source "ChessBase"]
[SourceDate "2014.02.28"]
[SourceVersion "1"]
[SourceVersionDate "2014.02.28"]
[SourceQuality "1"]

1. d4 d5 2. c4 e5 3. cxd5 Qxd5 4. e3 exd4 5. Nc3 Bb4 6. Qxd4 Qxd4 7. exd4 Nc6 8. Bb5 Bd7 9. Nf3 Nf6 10. 0-0 0-0 11. Bg5 Bxc3 12. bxc3 Ne4 13. Rac1 Nxg5 14. Nxg5 Rfe8 15. Rfe1 1/2-1/2

[Event "Madrid-ch Seniors"]
[Site "Madrid"]
[Date "2014.01.08"]
[Round "2"]
[White "Estrada Martinez, Cesar"]
[Black "Leniz Martinez, Francisco"]
[Result "1-0"]
[WhiteElo "2028"]
[BlackElo "1774"]
[PlyCount "71"]
[EventDate "2014.01.07"]
[EventType "swiss"]
[EventRounds "9"]
[EventCountry "ESP"]
[SourceTitle "CBM 158 Extra"]
[Source "ChessBase"]
[SourceDate "2014.02.28"]
[SourceVersion "1"]
[SourceVersionDate "2014.02.28"]
[SourceQuality "1"]

1. d4 d5 2. c4 c6 3. Nf3 Nf6 4. Nc3 e6 5. Bg5 Be7 6. e3 0-0 7. Bd3 Nbd7 8. 0-0 Re8 9. Qc2 b6 10. Ne5 Nxe5 11. dxe5 dxc4 12. exf6 cxd3 13. fxe7 Qd7 14. Qa4 f6 15. Bh4 Rxe7 16. Rad1 c5 17. Qc4 a5 18. Rxd3 Qe8 19. a4 Ba6 20. Nb5 Rd8 21. Rfd1 Red7 22. h3 Rxd3 23. Rxd3 Rd7 24. Bg3 Kh8 25. e4 h6 26. e5 fxe5 27. Rxd7 Qxd7 28. Bxe5 Bb7 29. Qg4 Bd5 30. Nd6 Bb3 31. Ne8 Qd1+ 32. Qxd1 Bxd1 33. Nxg7 Bxa4 34. Nxe6+ Kh7 35. Bc7 Bb3 36. Nf8+ 1-0

[Event "Benidorm op U2300 12th"]
[Site "Benidorm"]
[Date "2013.12.05"]
[Round "8"]
[White "Estrada Martinez, Cesar"]
[Black "Nieves Cabanes, Javier"]
[Result "0-1"]
[WhiteElo "2035"]
[BlackElo "2087"]
[PlyCount "60"]
[EventDate "2013.11.29"]
[EventType "swiss"]
[EventRounds "10"]
[EventCountry "ESP"]
[SourceTitle "CBM 157 Extra"]
[Source "ChessBase"]
[SourceDate "2013.12.19"]
[SourceVersion "1"]
[SourceVersionDate "2013.12.19"]
[SourceQuality "1"]

1. Nf3 Nf6 2. c4 e6 3. Nc3 d5 4. d4 Bb4 5. Bg5 Nbd7 6. e3 c5 7. cxd5 exd5 8. a3 Bxc3+ 9. bxc3 c4 10. Nd2 Qa5 11. Qc2 0-0 12. Be2 Re8 13. 0-0 Ne4 14. Nxe4 dxe4 15. Bf4 Nb6 16. Bc7 Qa6 17. Bxb6 axb6 18. Rfb1 b5 19. Rb4 Bd7 20. a4 Qc6 21. Ra2 Qd5 22. axb5 Bxb5 23. Qb2 Ba6 24. Qa1 Rac8 25. Ra5 Qd6 26. Qa4 Red8 27. Re5 Qg6 28. Bxc4 Bxc4 29. Rxc4 Ra8 30. Ra5 Qb6 0-1

[Event "Madrid-ch sf-B"]
[Site "Madrid"]
[Date "2013.03.23"]
[Round "7"]
[White "Rojas Pozo, Jose Luis"]
[Black "Estrada Martinez, Cesar"]
[Result "0-1"]
[WhiteElo "1973"]
[BlackElo "2050"]
[PlyCount "84"]
[EventDate "2013.03.07"]
[EventType "swiss"]
[EventRounds "9"]
[EventCountry "ESP"]
[SourceTitle "CBM 153 Extra"]
[Source "ChessBase"]
[SourceDate "2013.04.22"]
[SourceVersion "1"]
[SourceVersionDate "2013.04.22"]
[SourceQuality "1"]

1. e4 c5 2. Nf3 g6 3. d4 cxd4 4. Nxd4 Nf6 5. Nc3 d6 6. f3 Bg7 7. Be3 0-0 8. Bc4 Nc6 9. Qd2 Bd7 10. 0-0-0 Rc8 11. Bb3 Nxd4 12. Bxd4 a5 13. g4 b5 14. g5 Nh5 15. Bxg7 Nxg7 16. a4 bxa4 17. Bxa4 Bxa4 18. Nxa4 Rc4 19. b3 Rc8 20. Qe3 Qc7 21. Rd2 Ne6 22. Qb6 Nxg5 23. Qe3 Ne6 24. h4 Nc5 25. h5 Nxa4 26. hxg6 fxg6 27. Rxh7 Qc3 28. Qxc3 Nxc3 29. Rxe7 Nb5 30. c4 Rc6 31. Rd5 Nc7 32. Rxa5 Rxf3 33. Rg5 Rxb3 34. Rxg6+ Kf8 35. Rgg7 Rxc4+ 36. Kd2 Ne6 37. Rgf7+ Kg8 38. Rh7 Rxe4 39. Rh6 Nc5 40. Rxe4 Nxe4+ 41. Kc2 Re3 42. Re6 Kf7 0-1

[Event "Madrid-ch sf-B"]
[Site "Madrid"]
[Date "2013.03.16"]
[Round "5"]
[White "Tirado Parra, Alberto"]
[Black "Estrada Martinez, Cesar"]
[Result "1/2-1/2"]
[WhiteElo "1896"]
[BlackElo "2050"]
[PlyCount "47"]
[EventDate "2013.03.07"]
[EventType "swiss"]
[EventRounds "9"]
[EventCountry "ESP"]
[SourceTitle "CBM 153 Extra"]
[Source "ChessBase"]
[SourceDate "2013.04.22"]
[SourceVersion "1"]
[SourceVersionDate "2013.04.22"]
[SourceQuality "1"]

1. Nf3 c5 2. c4 Nf6 3. g3 d5 4. cxd5 Nxd5 5. Nc3 Nc6 6. Bg2 Nc7 7. a3 e5 8. b4 f6 9. bxc5 Bxc5 10. 0-0 0-0 11. Bb2 Be6 12. d3 Rc8 13. Rc1 Qe7 14. Na4 Bd6 15. Nd2 Na5 16. Ne4 Bxa3 17. Bxa3 Qxa3 18. Nac5 b6 19. Ra1 Qb2 20. e3 Rcd8 21. Rb1 Qa3 22. Ra1 Qb4 23. Rb1 Qa3 24. Ra1 1/2-1/2

[Event "Madrid-ch sf-B"]
[Site "Madrid"]
[Date "2013.03.09"]
[Round "3"]
[White "Pastor Alonso de Prado, Emilio Alberto"]
[Black "Estrada Martinez, Cesar"]
[Result "1/2-1/2"]
[WhiteElo "2161"]
[BlackElo "2050"]
[PlyCount "51"]
[EventDate "2013.03.07"]
[EventType "swiss"]
[EventRounds "9"]
[EventCountry "ESP"]
[SourceTitle "CBM 153 Extra"]
[Source "ChessBase"]
[SourceDate "2013.04.22"]
[SourceVersion "1"]
[SourceVersionDate "2013.04.22"]
[SourceQuality "1"]

1. e4 c5 2. c3 d6 3. d4 Nd7 4. Nf3 g6 5. Bc4 e6 6. 0-0 Bg7 7. Bf4 Nb6 8. dxc5 dxc5 9. Qxd8+ Kxd8 10. Rd1+ Ke8 11. Bb5+ Bd7 12. Na3 Bc6 13. Ne5 Ne7 14. Bxc6+ Nxc6 15. Nxc6 bxc6 16. Be3 Bf8 17. Rd2 Rd8 18. Rad1 Rxd2 19. Rxd2 Be7 20. e5 h6 21. Kf1 Kf8 22. c4 Kg7 23. b3 Rc8 24. Nc2 Rc7 25. Ne1 Nd7 26. Nd3 1/2-1/2

[Event "Roquetas de Mar op 24th"]
[Site "Roquetas de Mar"]
[Date "2013.01.02"]
[Round "1"]
[White "Estrada Martinez, Cesar"]
[Black "Khamrakulov, Ibragim S"]
[Result "0-1"]
[WhiteElo "2092"]
[BlackElo "2509"]
[PlyCount "134"]
[EventDate "2013.01.02"]
[EventType "swiss"]
[EventRounds "9"]
[EventCountry "ESP"]
[SourceTitle "CBM 152 Extra"]
[Source "ChessBase"]
[SourceDate "2013.02.25"]
[SourceVersion "1"]
[SourceVersionDate "2013.02.25"]
[SourceQuality "1"]

1. c4 c5 2. Nf3 Nc6 3. d4 cxd4 4. Nxd4 Nf6 5. Nc3 Qc7 6. e4 Nxe4 7. Nxe4 Qe5 8. Be3 Qxe4 9. Nb5 Qe5 10. Qd2 a6 11. f4 Qb8 12. Nc3 e6 13. Bd3 Nb4 14. Be4 Qc7 15. a3 Nc6 16. Rc1 Na5 17. Qf2 Nb3 18. Rc2 Bc5 19. 0-0 d6 20. f5 Bxe3 21. Qxe3 Qc5 22. Re2 0-0 23. fxe6 Bxe6 24. Bd5 Rae8 25. Rd1 h6 26. Qxc5 dxc5 27. Bxe6 Rxe6 28. Rd7 Na5 29. b4 cxb4 30. axb4 Nxc4 31. Rxb7 Rd8 32. Rxe6 fxe6 33. Rc7 Ne5 34. Re7 Rd6 35. Ne4 Rd1+ 36. Kf2 Nc6 37. Rxe6 Nxb4 38. Rb6 a5 39. Rb5 Rd5 40. Rb7 Nc2 41. Ra7 Nd4 42. Ke3 Nc6 43. Ra6 Ne7 44. g4 Rb5 45. h4 Nd5+ 46. Kd4 Nc7 47. Rc6 Rb4+ 48. Ke5 Rb5+ 49. Kd4 Rd5+ 50. Kc4 Re5 51. Kd4 Re7 52. Nc5 Kf7 53. g5 hxg5 54. hxg5 Ne6+ 55. Nxe6 Rxe6 56. Rc7+ Kg6 57. Ra7 a4 58. Ra5 Kh5 59. Rxa4 Kxg5 60. Ra1 Kf4 61. Kd3 g5 62. Ra8 Re7 63. Rf8+ Kg3 64. Rg8 g4 65. Rg6 Kh3 66. Rh6+ Kg2 67. Rh8 g3 0-1